Acuerda la conferencia ministerial del GATT lanzar una nueva ronda de negociaciones

Gespeichert in:
Bibliographische Detailangaben
Format: Text
Veröffentlicht: s.l.: s.e.
Tags: Tag hinzufügen
Keine Tags, Fügen Sie den ersten Tag hinzu!

MARC

LEADER 00000 a a2200000 04500
001 22894
003
040
090 |a 158100  
245 |a Acuerda la conferencia ministerial del GATT lanzar una nueva ronda de negociaciones  
260 |a s.l.:   |b s.e.  
300 |a 4 p.  
999 |c 13024  |d 13024